|
|
|
|
| LEADER |
00000nam a2200000 i 4500 |
| 001 |
DIGUCANT0054 |
| 003 |
NyNyDIG |
| 008 |
200721s2017 sp ob 001 0 spa d |
| 006 |
m o d |
| 007 |
cr ||||||||||| |
| 035 |
|
|
|a (OCoLC)1184757668
|
| 040 |
|
|
|a DGITA
|b eng
|e rda
|e pn
|c DGITA
|
| 020 |
|
|
|a 9788481028416
|q eBook
|q OC
|q pdf
|
| 020 |
|
|
|a 848102841X
|q eBook
|q OC
|q pdf
|
| 020 |
|
|
|z 9788481027570
|q obra completa
|
| 020 |
|
|
|z 848102757X
|q obra completa
|
| 020 |
|
|
|z 9788481027587
|q volume 1
|
| 020 |
|
|
|z 8481027588
|q volume 1
|
| 020 |
|
|
|z 9788481027594
|q volume 2
|
| 020 |
|
|
|z 8481027596
|q volume 2
|
| 043 |
|
|
|a e-sp---
|
| 050 |
1 |
4 |
|a PQ6141 ebook
|
| 082 |
0 |
4 |
|a 863.009
|
| 100 |
1 |
|
|a Menéndez y Pelayo, Marcelino,
|d 1856-1912,
|e author.
|
| 245 |
1 |
0 |
|a Orígenes de la novela /
|c Marcelino Menéndez Pelayo ; coordinadora, Ana Luisa Baquero Escudero ; editores del texto, Raquel Gutiérrez Sebastián, Borja Rodríguez Gutiérrez.
|
| 250 |
|
|
|a Edición del centenario.
|
| 264 |
|
1 |
|a Santander :
|b Editorial de la Universidad de Cantabria :
|b Real Sociedad Menéndez Pelayo,
|c 2017.
|
| 300 |
|
|
|a 1 online resource (2 volumes)
|
| 336 |
|
|
|a text
|b txt
|2 rdacontent
|
| 337 |
|
|
|a computer
|b c
|2 rdamedia
|
| 338 |
|
|
|a online resource
|b cr
|2 rdacarrier
|
| 347 |
|
|
|a text file
|2 rdaft
|
| 347 |
|
|
|b PDF
|
| 490 |
1 |
|
|a Obras completas ;
|v tomo II
|
| 490 |
1 |
|
|a Colección Analectas ;
|v #120
|
| 504 |
|
|
|a Includes bibliographical references and indexes.
|
| 505 |
0 |
|
|a Volume 1. Los Orígenes de la novela, una obra de plena madurez / Ana L. Baquero Escudero -- Una historia para los Orígenes : la novela en el pensamiento literario anterior a Marcelino Menéndez Pelayo / Joaquín Álvarez Barrientos -- Los Orígenes de la novela leídos por los críticos literarios / Leonardo Romero Tobar -- La proyección de los Orígenes de la novela en la Historiografía literaria española / Antonio Martín Ezpeleta -- Historia editorial y criterios de esta edición / Raquel Gutiérrez Sebastián y Borja Rodríguez Gutiérrez -- Reseña de la novela en la antigüedad clásica, griega y latina -- El apólogo y el cuento oriental -- Influencia de las formas de la novelística oriental en la literatura de nuestra península durante la Edad Media -- Breves indicaciones sobre los llibros de caballerías -- Aparición de los libros de caballerías indígenas -- Novela sentimental : sus orígenes, influencia de Boccaccio y Eneas Silvio -- Novela histórica
|
| 505 |
8 |
|
|a Volumen 2. Novela pastoril -- Cuentos y novelas cortas -- La Celestina -- Primeras imitaciones de la Celestina.
|
| 588 |
0 |
|
|a Online resource; title from PDF title page (Digitalia, viewed July 21, 2020)
|
| 650 |
|
0 |
|a Spanish fiction
|x History and criticism.
|
| 600 |
1 |
0 |
|a Menéndez y Pelayo, Marcelino,
|d 1856-1912
|x Criticism and interpretation.
|
| 655 |
|
0 |
|a Electronic books.
|
| 700 |
1 |
|
|a Baquero Escudero, Ana L.,
|e editor.
|
| 700 |
1 |
|
|a Gutiérrez Sebastián, Raquel,
|e editor.
|
| 700 |
1 |
|
|a Rodríguez Gutiérrez, Borja,
|e editor.
|
| 791 |
2 |
|
|a Digitalia (Firm),
|e distributor.
|
| 793 |
0 |
|
|g Digitalia eBook Collection:
|a Universidad de Cantabria
|
| 776 |
0 |
8 |
|i Print version:
|a Menéndez y Pelayo, Marcelino, 1856-1912.
|t Orígenes de la novela.
|d Santander : Editorial de la Universidad de Cantabria, 2017
|z 9788481027570
|w (OCoLC)1027612314
|
| 800 |
1 |
|
|a Menéndez y Pelayo, Marcelino,
|d 1856-1912.
|t Works
|s (Real Sociedad Menéndez Pelayo) ;
|v t. 2.
|
| 830 |
|
0 |
|a Colección Analectas ;
|v #120.
|
| 856 |
4 |
0 |
|3 Digitalia Hispánica
|u https://www.digitaliapublishing.com/a/56296/
|
| 910 |
|
|
|a Premium collection: 2020
|